LEADER 03328nam 2200565 450 001 9910511449103321 005 20170919175035.0 010 $a90-04-31939-5 024 7 $a10.1163/9789004319394 035 $a(CKB)3710000000678959 035 $a(EBL)4540548 035 $a(SSID)ssj0001678096 035 $a(PQKBManifestationID)16432334 035 $a(PQKBTitleCode)TC0001678096 035 $a(PQKBWorkID)14969087 035 $a(PQKB)10888728 035 $a(PQKBManifestationID)16489161 035 $a(PQKB)23107126 035 $a(MiAaPQ)EBC4540548 035 $a(nllekb)BRILL9789004319394 035 $a(EXLCZ)993710000000678959 100 $a20160628h20162016 uy 0 101 0 $aeng 135 $aur|n|---||||| 181 $ctxt 182 $cc 183 $acr 200 14$aThe principle of non-refoulement under the ECHR and the UN convention against torture and other cruel, inhuman or degrading treatment or punishment /$fby Eman Hamdan 210 1$aLeiden, [Netherlands] ;$aBoston, [Massachusetts] :$cBrill Nijhoff,$d2016. 210 4$d©2016 215 $a1 online resource (414 p.) 225 1 $aInternational Studies in Human Rights,$x0924-4751 ;$vVolume 115 300 $aBased on author's thesis (doctoral - University of Geneve, 2015). 311 $a90-04-31938-7 320 $aIncludes bibliographical references and index. 327 $aPreliminary Material -- Introduction -- The Principle of Non-Refoulement under the echr and the cat -- The Content of the Principle of Non-Refoulement -- The Individual Complaints Procedures in the Context of Non-Refoulement Allegations -- Assessment of the Risk of being Subjected to Ill-treatment -- Summary of the Conclusions -- Bibliography -- Index. 330 $aIn this study, Eman Hamdan examines the protection against refoulement under the European Convention on Human Rights and the UN Convention against Torture, with the aim to determine which of those Conventions affords better protection for international protection seekers. Hamdan explores the scope and content of the principle of non-refoulement under both Conventions and the application of the principle to the immigration control measures and the extraordinary rendition operations. The author provides a comprehensive and comparative analysis of the case-law of both the European Court of Human Rights and the UN Committee against Torture on the procedural and substantive aspects of the principle of non-refoulement, in order to help practitioners to determine which of these human rights treaty bodies is more favorable for their specific non-refoulement case. This book was chosen to participate in the Professor Walther Hug Prize 2014-2015, which is a prize for the best legal researches in Switzerland for each academic year. 410 0$aInternational studies in human rights ;$vVolume 115. 606 $aRefoulement 608 $aElectronic books. 615 0$aRefoulement. 676 $a342.08/2 700 $aHamdan$b Eman$01067032 801 0$bMiAaPQ 801 1$bMiAaPQ 801 2$bMiAaPQ 906 $aBOOK 912 $a9910511449103321 996 $aThe principle of non-refoulement under the ECHR and the UN convention against torture and other cruel, inhuman or degrading treatment or punishment$92550360 997 $aUNINA LEADER 02640oam 2200517zu 450 001 9910131863803321 005 20210807004833.0 010 $a2-8218-2752-0 010 $a2-8218-1766-5 024 7 $a10.4000/books.pup.879 035 $a(CKB)3460000000122219 035 $a(SSID)ssj0001493695 035 $a(PQKBManifestationID)12577837 035 $a(PQKBTitleCode)TC0001493695 035 $a(PQKBWorkID)11509351 035 $a(PQKB)11215234 035 $a(FrMaCLE)OB-pup-879 035 $a(oapen)https://directory.doabooks.org/handle/20.500.12854/59847 035 $a(PPN)182838714 035 $a(oapen)doab59847 035 $a(EXLCZ)993460000000122219 100 $a20160829d1998 uy 101 0 $aeng 135 $auu||||||m|||| 181 $ctxt 182 $cc 183 $acr 200 10$aSpinoza Et Les Commentateurs Juifs: Commentaire Biblique Au Premier Chapitre Du Tractatus Theologico-politicus De Spinoza 210 $cPresses universitaires de Provence$d1998 210 31$a[Place of publication not identified]$cUniversite d'Aix Marseille One$d1998 215 $a1 online resource (242 p.) 300 $aBibliographic Level Mode of Issuance: Monograph 311 08$a2-85399-424-4 330 $aDans cet ouvrage, nous nous proposons de parcourir le Tractatus Theologico-Politicus de Spinoza afin de donner au lecteur philosophe tous les éléments susceptibles de l'aider à saisir la place des citations bibliques dans cette ?uvre, ainsi que ses conséquences sur la pensée philosophique de l'auteur. D'autre part nous voulons montrer au lecteur hébraïsant l'utilisation que Spinoza a faite des sources bibliques au sens large, mais traditionnel. Nous utiliserons également la grammaire de l'Hébreu que Spinoza a laissé inachevée : Compendium Grammatices Linguoe Hebroeoe, Abrégé de Grammaire Hébraïque, publié dans les Opera Posthuma, 1671. Nous tenterons une approche de son ?uvre en dehors des luttes et des passions que son seul nom inspire, lui qui sa vie durant s'écartera par tous les moyens des combats de son époque afin de pouvoir accéder à la connaissance vraie qui seule apporte le bonheur. 610 $ahébraïsme 610 $acitations bibliques 610 $aspinozisme 610 $aTraité théologico-politique 610 $acommentateurs bibliques 676 $a199/.492 700 $aCassuto$b Philippe$0927636 801 0$bPQKB 906 $aBOOK 912 $a9910131863803321 996 $aSpinoza Et Les Commentateurs Juifs: Commentaire Biblique Au Premier Chapitre Du Tractatus Theologico-politicus De Spinoza$92084102 997 $aUNINA